000 00606nam a2200205Ia 4500
005 20260121110356.0
008 008 260114s9999 xx 000 0 hin d
020 _a9788132304999
037 _aEBOOK
040 _aCRL
_bhin
_cCRL
041 _ahin
_2hin
084 _qCRL
100 _aविभा शर्मा / Vibha Sharma
_9945408
245 0 _aतुलसीदास / Tulsidas
260 _bभाषा प्रकाशन / Bhasha Prakashan
_c2020
856 _uhttps://bhashaprakashan.com/product-details/378150
942 _cEBOOK
999 _c1537072
_d1537072